000 00657nam a2200217Ii 4500
003 JO-AjNU
008 230605s9999||||xx |||||||||||||| ||und||
017 _a2009/4/1409
040 _aJO-AjNU
_bara
_erda
_cJO-AjNU
041 _aara
050 1 4 _aHD37.A7.E85.2009
100 3 _aالسحيمات،ختام عبدالرحيم,
_eauthor
_928319
245 0 0 _aمفاهيم جديدة في علم الادارة
250 _aط1
264 3 1 _aعمان:المؤلف،2009
300 _a208ص
336 _atext
_btxt
_2rdacontent
337 _aunmediated
_bn
_2rdamedia
338 _avolume
_bnc
_2rdacarrier
650 4 _aادارة الاعمال
_928320
999 _aA10969
_c14537
_d14537